[Event "San Jose op"]
[Site "San Jose"]
[Date "2013.07.21"]
[Round "8"]
[White "Acevedo Mendez, Lisseth"]
[Black "Brenes Salgado, Juan Carlos"]
[Result "0-1"]
[WhiteElo "1888"]
[BlackElo "2121"]
[PlyCount "62"]
[EventDate "2013.06.29"]
[EventType "swiss"]
[EventRounds "9"]
[EventCountry "CRI"]
[SourceTitle "EXT 2014"]
[Source "ChessBase"]
[SourceDate "2013.11.20"]
[SourceVersion "1"]
[SourceVersionDate "2013.11.20"]
[SourceQuality "1"]

1. e4 c5 2. Nf3 d6 3. Bb5+ Nd7 4. 0-0 Ngf6 5. Re1 e6 6. d4 cxd4 7. Qxd4 Be7 8. Nc3 0-0 9. Bg5 Qc7 10. Rad1 Ne5 11. Be2 Rd8 12. Nxe5 dxe5 13. Qe3 Bd7 14. Qg3 a6 15. Bh6 Ne8 16. Bh5 Bc6 17. Bc1 b5 18. Qe3 Bb7 19. a3 b4 20. axb4 Bxb4 21. Bd2 Rd4 22. Bf3 Rad8 23. Qe2 h6 24. Nd5 exd5 25. c3 dxe4 26. cxd4 exf3 27. Qxe5 Bd6 28. Qh5 fxg2 29. f3 Nf6 30. Qh3 Bf4 31. Bb4 Rd5 0-1

[Event "San Jose op"]
[Site "San Jose"]
[Date "2013.07.07"]
[Round "5"]
[White "Peraza Alvarez, Rafael Eduardo"]
[Black "Brenes Salgado, Juan Carlos"]
[Result "1-0"]
[WhiteElo "2054"]
[BlackElo "2121"]
[PlyCount "67"]
[EventDate "2013.06.29"]
[EventType "swiss"]
[EventRounds "9"]
[EventCountry "CRI"]
[SourceTitle "EXT 2014"]
[Source "ChessBase"]
[SourceDate "2013.11.20"]
[SourceVersion "1"]
[SourceVersionDate "2013.11.20"]
[SourceQuality "1"]

1. e4 c5 2. Nf3 d6 3. d4 cxd4 4. Nxd4 Nf6 5. Nc3 a6 6. Bg5 e6 7. f4 b5 8. Qf3 Bb7 9. Bd3 Nbd7 10. 0-0-0 Qb6 11. Nde2 b4 12. Na4 Qa5 13. b3 Bc6 14. Nb2 Nc5 15. Bxf6 gxf6 16. Kb1 Nxd3 17. Qxd3 Bb5 18. Qd2 Rc8 19. a4 Bxe2 20. Qxe2 Be7 21. Rhe1 Rc3 22. f5 0-0 23. fxe6 fxe6 24. Qg4+ Kh8 25. Qxe6 Qe5 26. Qxe5 fxe5 27. Re2 Rf6 28. Nc4 Rh6 29. g3 Rf3 30. Ne3 Rhf6 31. Nd5 Rf1 32. Rxf1 Rxf1+ 33. Kb2 Bg5 34. Nxb4 1-0

[Event "San Jose op"]
[Site "San Jose"]
[Date "2013.07.06"]
[Round "4"]
[White "Brenes Salgado, Juan Carlos"]
[Black "Bermudez Munoz, Alexander"]
[Result "0-1"]
[WhiteElo "2121"]
[BlackElo "2078"]
[PlyCount "130"]
[EventDate "2013.06.29"]
[EventType "swiss"]
[EventRounds "9"]
[EventCountry "CRI"]
[SourceTitle "EXT 2014"]
[Source "ChessBase"]
[SourceDate "2013.11.20"]
[SourceVersion "1"]
[SourceVersionDate "2013.11.20"]
[SourceQuality "1"]

1. d4 Nf6 2. c4 e6 3. Nf3 b6 4. g3 Bb7 5. Bg2 Bb4+ 6. Bd2 Be7 7. Nc3 0-0 8. 0-0 c5 9. dxc5 bxc5 10. Bf4 d6 11. Qb3 Qc8 12. Rfd1 Rd8 13. Nb5 Ne8 14. Rd2 a6 15. Nc3 Nc6 16. Rad1 h6 17. Bh3 Na5 18. Qa4 Qc7 19. b3 f5 20. Bg2 g5 21. Be3 Bf6 22. Rc2 Nc6 23. Qa3 Nb4 24. Rcc1 Qg7 25. Na4 Be4 26. Ne1 Bxg2 27. Nxg2 h5 28. Bd2 a5 29. Bc3 h4 30. Qb2 hxg3 31. hxg3 e5 32. Bxb4 axb4 33. Ne3 g4 34. Nxf5 Qg6 35. Qc2 Qh5 36. Ne3 Bg5 37. Qe4 Nf6 38. Qh1 Bxe3 39. fxe3 Qg5 40. Qg2 Rf8 41. Rf1 Qxe3+ 42. Qf2 Qxf2+ 43. Rxf2 Ne4 44. Rh2 Ra7 45. Rh4 Rg7 46. Rf1 Rxf1+ 47. Kxf1 Nxg3+ 48. Kf2 Nf5 49. Rh5 g3+ 50. Kg2 Ne3+ 51. Kg1 Rg4 52. Nxc5 Kf7 53. Nd3 e4 54. Rh7+ Kg6 55. Re7 Kf6 56. Re8 Kf7 57. Re5 Rh4 58. Rg5 exd3 59. exd3 g2 60. Kf2 Rh1 61. d4 Rf1+ 62. Kxe3 g1Q+ 63. Rxg1 Rxg1 64. Kd3 Rg2 65. c5 d5 0-1

[Event "CRI-ch qual"]
[Site "San Jose"]
[Date "2005.06.21"]
[Round "7"]
[White "Brenes Salgado, Juan Carlos"]
[Black "Aguilar Pina, Luis Gerardo"]
[Result "0-1"]
[WhiteElo "2000"]
[BlackElo "2010"]
[PlyCount "56"]
[EventDate "2005.06.??"]
[EventType "swiss"]
[EventRounds "9"]
[EventCountry "CRI"]
[SourceTitle "EXT 2006"]
[Source "ChessBase"]
[SourceDate "2005.11.24"]
[SourceVersion "1"]
[SourceVersionDate "2005.11.24"]
[SourceQuality "1"]

1. d4 Nf6 2. c4 e5 3. d5 Bc5 4. Nc3 0-0 5. Bg5 d6 6. e3 Bf5 7. g4 Bg6 8. h4 h6 9. h5 hxg5 10. hxg6 fxg6 11. Bd3 e4 12. Nxe4 Nxe4 13. Bxe4 Bb4+ 14. Kf1 Qf6 15. Qc2 Nd7 16. Bxg6 Ne5 17. Bf5 g6 18. Be6+ Kg7 19. Rh2 Rh8 20. Rg2 Nf3 21. Rd1 Rh1 22. a3 Bc5 23. Ke2 Rf8 24. Qc3 Ne5 25. Rf1 Kh7 26. b4 Bxe3 27. Qxe3 Nxc4 28. Qd3 Qe5+ 0-1

[Event "CRI-ch qual"]
[Site "San Jose"]
[Date "2005.06.11"]
[Round "1"]
[White "Jimenez, Alvarado Alonso"]
[Black "Brenes Salgado, Juan Carlos"]
[Result "1/2-1/2"]
[WhiteElo "2066"]
[BlackElo "2000"]
[PlyCount "44"]
[EventDate "2005.06.??"]
[EventType "swiss"]
[EventRounds "9"]
[EventCountry "CRI"]
[SourceTitle "EXT 2006"]
[Source "ChessBase"]
[SourceDate "2005.11.24"]
[SourceVersion "1"]
[SourceVersionDate "2005.11.24"]
[SourceQuality "1"]

1. e4 c5 2. Nc3 Nc6 3. Bb5 g6 4. Bxc6 bxc6 5. d3 Bg7 6. Nge2 d5 7. 0-0 Nh6 8. Rb1 e5 9. Na4 0-0 10. Nxc5 f5 11. f4 Qh4 12. c3 fxe4 13. dxe4 Bg4 14. g3 Qh5 15. Rf2 Bh3 16. Qd3 Ng4 17. Rf3 Bg2 18. Kxg2 Qxh2+ 19. Kf1 Qh1+ 20. Ng1 Nh2+ 21. Kf2 Ng4+ 22. Kf1 Nh2+ 1/2-1/2